000 00711cab a2200253 4500
001 ABS51877
008 090401t1994 xxu||||| |||| 00| 0 eng d
035 _a(Sirsi) u48410
041 _aeng
100 _aReed, A.
245 _aCreating the right airport facilities
260 _c1994
350 _a0
490 _aBuilding Economist
_vDecember 1994, 13-14(2)
520 _aLooks at the work of BAA in building and operating airport terminals round the world.
650 _aAIRPORT TERMINALS
650 _aAIRPORTS
650 _aBRITISH AIRPORTS AUTHORITY
650 _aPROFILES
690 _aBUILT ENVIRONMENT
690 _aTRANSPORT AND COMMUNICATIONS
942 _n0
948 _c04/03/1997
999 _c30413
_d30413